ბათუმის შოთა რუსთაველის სახელმწიფო უნივერსიტეტის ბიბლიოთეკა

Lectures on linguistics (ბიბ.ჩანაწერი № 56867)

000 -LEADER
fixed length control field 00717cam a2200253 4500
001 - CONTROL NUMBER
control field 1770058
005 - DATE AND TIME OF LATEST TRANSACTION
control field 20190524181503.0
008 - FIXED-LENGTH DATA ELEMENTS--GENERAL INFORMATION
fixed length control field 700603s1969 enka 001 0 eng
010 ## - LIBRARY OF CONGRESS CONTROL NUMBER
LC control number 76465489
015 ## - NATIONAL BIBLIOGRAPHY NUMBER
National bibliography number USSR***
040 ## - CATALOGING SOURCE
Original cataloging agency DLC
Transcribing agency DLC
Modifying agency DLC
041 ## - LANGUAGE CODE
Language code of text/sound track or separate title eng
050 00 - LIBRARY OF CONGRESS CALL NUMBER
Classification number P27
Item number .B45
082 00 - DEWEY DECIMAL CLASSIFICATION NUMBER
Classification number 410
100 1# - MAIN ENTRY--PERSONAL NAME
Personal name Berezin, F. M.
Fuller form of name (Fedor Mikhaĭlovich)
9 (RLIN) 1602
245 10 - TITLE STATEMENT
Title Lectures on linguistics
Statement of responsibility, etc. [by] F. M. Berezin.
260 ## - PUBLICATION, DISTRIBUTION, ETC.
Place of publication, distribution, etc. Moscow,
Name of publisher, distributor, etc. Higher School Publishing House,
Date of publication, distribution, etc. 1969.
300 ## - PHYSICAL DESCRIPTION
Extent 175 p.
Other physical details illus.
Dimensions 20 cm.
350 ## - PRICE (NR) (BK AM CF MU VM SE) [OBSOLETE]
Price 0.29
650 #0 - SUBJECT ADDED ENTRY--TOPICAL TERM
Topical term or geographic name entry element Linguistics.
9 (RLIN) 1603
653 ## - INDEX TERM--UNCONTROLLED
keyword ლინგვისტიკა
906 ## - LOCAL DATA ELEMENT F, LDF (RLIN)
a 7
b cbc
c orignew
d u
e ncip
f 19
g y-gencatlg
942 ## - ADDED ENTRY ELEMENTS (KOHA)
Source of classification or shelving scheme
Koha item type შერეული მასალები

არაა ხელმისაწვდომი ეგზემპლარები.